| 000 | 00553nam a22001577a 4500 | ||
|---|---|---|---|
| 003 | AUA.1 | ||
| 005 | 20251105112010.0 | ||
| 008 | 250627b |||||||| |||| 00| 0 eng d | ||
| 040 | _cJTL | ||
| 100 | _aLamour, Alain Laval | ||
| 245 |
_aDeveloping strategy with tools to reach the Hindu community in Mauritius / _cAlain Laval Lamour. |
||
| 260 | _cc2023. | ||
| 300 |
_aviii, 128leaves : _bIllustrations : _c30cm. |
||
| 650 |
_aChurch work with Indians _xSeventh-day Adventists _zMauritius |
||
| 942 |
_2lcc _cPROJECT _hMA PTh _i.L36 2023 |
||
| 999 |
_c25095 _d25095 |
||